| 000 | 00914nas a2200325 4500 | ||
|---|---|---|---|
| 001 | BR0500189 | ||
| 003 | BR-BrBNA | ||
| 005 | 20231205105055.0 | ||
| 007 | ta | ||
| 008 | 230509b bl.|||p| |||| 00| 00por d | ||
| 040 |
_aBR-BrBNA _bpor _cBiblioteca Nacional de Agricultura |
||
| 041 | _a(Pt) | ||
| 072 | _aH10 | ||
| 100 | 1 | _aLoges, V. | |
| 100 | 1 | _aLemos, M.A. | |
| 100 | 1 | _aResende, L.V. | |
| 100 | 1 | _aMenezes, D. | |
| 100 | 1 | _aCandeia, J.A. | |
| 100 | 1 | _aSantos, V.F. dos | |
| 245 | 1 | _aResistência de cultivares e híbridos de cebola a tripes | |
| 650 | _aCEBOLA | ||
| 650 | _aTRIPS | ||
| 650 | _aCONTROLE QUÍMICO | ||
| 650 | _aVARIEDADE RESISTENTE | ||
| 650 | _aMELHORAMENTO VEGETAL | ||
| 650 | _aBAHIA | ||
| 773 | 0 |
_tHorticultura Brasileira (Brazil) _xISSN 0102-0536 _g(Apr-Jun 2004), v. 22(2) p. 222-225 _wBR0500189 |
|
| 909 |
_a202311 _bLúcia _c55 _dLúcia Elande |
||
| 942 |
_2AGRIS _n0 _cANA |
||
| 999 |
_c181107 _d181107 |
||